Basic Electrical and Electronics Engineering - II (Wbut -ES 201) (Record no. 15)

MARC details
000 -LEADER
Fixed length control field 00605nam a2200205 4500
003 - CONTROL NUMBER IDENTIFIER
Control field SEACOMMC
005 - DATE AND TIME OF LATEST TRANSACTION
Control field 20251017161112.0
008 - FIXED-LENGTH DATA ELEMENTS--GENERAL INFORMATION
Fixed length control field 230930b |||||||| |||| 00| 0 eng d
020 ## - INTERNATIONAL STANDARD BOOK NUMBER / ISBN
International Standard Book Number 9780071077538
040 ## - CATALOGING SOURCE
Original cataloging agency SEACOMMC
082 ## - DEWEY DECIMAL CLASSIFICATION NUMBER
Classification number 621.3
Book Number C435
100 ## - MAIN ENTRY--PERSONAL NAME
Personal name Chakrabarty, Abhijit,
245 ## - TITLE STATEMENT
Title Basic Electrical and Electronics Engineering - II (Wbut -ES 201)
Statement of responsibility Abhijt Chakraborty, Sudipta Nath, and Soumitra K Mondal
250 ## - EDITION STATEMENT
Edition statement 2nd Edition
260 ## - IMPRINT
Place of publication New Delhi
Name of publisher TMH
Date of publication 2012
650 ## - SUBJECT ADDED ENTRY--TOPICAL TERM
Topical term Electrical and Electronics
700 ## - ADDED ENTRY--PERSONAL NAME
Personal name Mondal, Soumitra K
700 ## - ADDED ENTRY--PERSONAL NAME
Personal name Nath, Sudipta
942 ## - ADDED ENTRY ELEMENTS (KOHA)
Koha item type Gifted/Donated Books
Holdings
Withdrawn status Lost status Source of classification Damaged status Not for loan Home library Current library Date acquired Total Checkouts Call number Accession number Date last seen Price effective from Koha item type
    Dewey Decimal Classification     SEACOM MANAGEMENT COLLEGE SEACOM MANAGEMENT COLLEGE 30/09/2023   621.3 C435 G12 30/09/2023 30/09/2023 Gifted/Donated Books
    Dewey Decimal Classification     SEACOM MANAGEMENT COLLEGE SEACOM MANAGEMENT COLLEGE 30/09/2023   621.3 C435 G13 30/09/2023 30/09/2023 Gifted/Donated Books
    Dewey Decimal Classification     SEACOM MANAGEMENT COLLEGE SEACOM MANAGEMENT COLLEGE 30/09/2023   621.3 C435 G14 30/09/2023 30/09/2023 Gifted/Donated Books
© Seacom Engineering College, All rights reserved.    Powered by Koha